000 00463nam a22001697a 4500
999 _c2973
_d2973
008 200318b ||||| |||| 00| 0 eng d
082 0 0 _a621
_bM8641
100 _9116
_aMorley, Arthur.
245 1 0 _aMechanical engineering science : A second year course
_cby Arthur. Morley
250 _a2nd ed.
260 _aLondon
_bLangmans
_c1953
300 _axiv,270 p.
365 _d5.14
650 0 _aMechanical Engineering
700 _950
_aHughes, Edward
942 _cBK